000 00839nam a22002537a 4500
005 20170123162357.0
010 _aB-100344
020 _c250.00
035 _aB-100344
037 _bCen Lib/Ret
040 _aDPL
_bUR
082 _aک
_2ت ر ن
100 _aتر نّم رياض
_9143464
245 _a يمبوذ
_bافسا نے
_cتر نّم رياض
246 _a Yimbirzal/
_bby Tarannum Riyaz
260 _aنیی دہلی
_bNirali Duniya Publications
_c2004
270 _a358-A, Bazar Delhi gate, Darya ganj
_b نیی دہلی
_e110002
300 _a185ص
_c20cm(Hb)
650 _a اردو ادب
_v
_9143465
650 _aاردو -- رومانوی زبانوں کے ادب
_9135016
650 _aUrdu literature
_9143466
650 _aLiteratures of Romance languages
_9135018
942 _2ddc
_cUR
_hک
_mت ر ن
999 _c109609
_d109609